| 000 | 01066 a2200361 4500 | ||
|---|---|---|---|
| 999 |
_c54001 _d20826 |
||
| 001 | 54001 | ||
| 003 | TR-AnTOB | ||
| 005 | 20200422131012.0 | ||
| 008 | 021114s2003 nyua b 001 0 eng | ||
| 010 | _a2002042743 | ||
| 020 | _a0387002308 (acid-free paper) | ||
| 035 | _a54001 | ||
| 040 |
_aDLC _cDLC _dDLC |
||
| 041 | _aeng | ||
| 050 |
_aQA155.7.E4 _bH43 2003 |
||
| 090 | _aQA155.7.E4 H43 2003 | ||
| 100 |
_aHeck, A., _q(Andrâe) _928676 |
||
| 245 | 0 |
_aIntroduction to Maple / _cAndre Heck. |
|
| 250 | _a3rd ed. | ||
| 264 | 1 |
_aNew York : _bSpringer, _cc2003. |
|
| 300 |
_axvi, 828 p. : _bill. ; _c24 cm. |
||
| 504 | _aIncludes bibliographical references (p. [747]-760) and index. | ||
| 630 | 0 | 0 |
_aMaple (Computer file) _928678 |
| 630 |
_aMaple (Bilgisayar kütüğü) _979748 |
||
| 650 |
_aCebir _xBilgi işlem _928677 |
||
| 650 |
_aAlgebra _xData processing _943 |
||
| 856 | 4 |
_uhttp://www.loc.gov/catdir/toc/fy038/2002042743.html _3Table of contents |
|
| 901 | _a0016746 | ||
| 902 | _asa | ||
| 942 |
_cBK _2lcc |
||